000 00689nam a2200205 i 4500
001 59962
003 ES-MaACL
005 20260201063014.0
007 t|
008 031031s1914 fr ||||1| fre d
100 1 _aEsmein, Adhémar,
_d1848-1913
_9154477
245 1 0 _aElements de droit constitutionel français et compare /
_cpar Ademor Esmein.
250 _a6eme ed.
_brev. par Joseph Barthelemy.
260 _a[S.l. :
_bs.n.],
_c1914] (
_eBordeaux :
_fJ. Cadoret)
300 _aXXIV, 1246 p. ;
_c22 cm.
650 4 _aDerecho constitucional-
_zFrancia.
_9152211
700 1 _aBarthélemy, Joseph,
_d1874-1945
_926120
852 _aES-MaACL
_jF-6593
999 _c59962
_d59962